| 000 | 00426nam a22001457a 4500 | ||
|---|---|---|---|
| 999 |
_c2604 _d2604 |
||
| 008 | 200311b ||||| |||| 00| 0 eng d | ||
| 020 | _a9780074635612 | ||
| 100 |
_92195 _aChattopadhyay, P. |
||
| 245 | 1 | 0 |
_aBoiler operation engineering: questions and answers _cby P. Chattopadhyay. |
| 250 | _a2nd ed. | ||
| 260 |
_aNew Delhi, _bTata McGraw Hill: _c2009. |
||
| 300 | _axvi,1377p. | ||
| 650 | 0 | _aMarine Boiler Design | |
| 942 | _cBK | ||